Detalles MARC
| 000 -LÍDER |
| Campo fijo de descripción fija |
01346cam a2200349 i 4500 |
| 001 - NÚMERO DE CONTROL |
| Campo de control |
768714001 |
| 003 - IDENTIFICADOR DEL NÚMERO DE CONTROL |
| Campo de control |
CO-MdFUSB |
| 005 - FECHA Y HORA DE LA ULTIMA TRANSACCIÓN |
| control field |
20250528114603.0 |
| 007 - CAMPO FIJO DE DESCRIPCIÓN FIJA--INFORMACIÓN GENERAL |
| Campo fijo de descripción fija |
ta |
| 008 - ELEMENTOS DE LONGITUD FIJA -- INFORMACIÓN GENERAL |
| Campo fijo de descripción fija -- Información general |
180222t2006 -us |||| |||| 00| 0 eng d |
| 020 ## - NÚMERO INTERNACIONAL NORMALIZADO PARA LIBROS |
| Número Internacional Normalizado del libro |
978-0-8006-3792-7 |
| 040 ## - FUENTE DE CATALOGACIÓN |
| Agencia de catalogación original |
CO-MdFUSB |
| Idioma de catalogación |
spa |
| Agencia que realiza la transcripción |
CO-MdFUSB |
| Agencia que realiza la modificación |
CO-MdFUSB |
| Convenciones de la descripción |
rda |
| 041 ## - CÓDIGO DE IDIOMA |
| Código de idioma para texto/pista de sonido o título separado |
eng |
| 082 ## - NÚMERO DE CLASIFICACIÓN DECIMAL DEWEY |
| Número de la edición del Dewey |
24 |
| Número de clasificación |
248.46 |
| Clave de autor-Numero de item |
J95s |
| 100 1# - ASIENTO PRINCIPAL--NOMBRE PERSONAL |
| Nombre personal |
Jung, L. Shannon |
| Término relacionador |
autor |
| 242 10 - TRADUCCIÓN DEL TÍTULO POR AGENCIA CATALOGADORA |
| Título |
Compartir comida |
| Parte restante del título - Subtítulo |
: prácticas cristianas para el disfrute |
| Idioma del título original |
Inglés |
| 245 10 - TÍTULO |
| Título del Material |
Sharing food |
| Parte restante del título - Subtitulo |
: christian practices for enjoyment |
| Mención de responsabilidad, etc. |
/ L. Shannon Jung |
| 264 #1 - PRODUCCIÓN, PUBLICACIÓN, DISTRIBUCIÓN, MANUFACTURA, Y COPYRIGHT |
| Lugar de producción, publicación, distribución, manufactura |
Minneapolis, Minnesota : |
| Nombre del productor, publicador, distribuidor |
Fortress Press ; |
| Fecha de producción, publicación, distribución, manufactura, o copyright |
℗2006 |
| 264 #4 - PRODUCCIÓN, PUBLICACIÓN, DISTRIBUCIÓN, MANUFACTURA, Y COPYRIGHT |
| Fecha de producción, publicación, distribución, manufactura, o copyright |
©2006 |
| 300 ## - DESCRIPCIÓN FÍSICA |
| Extensión |
197 páginas |
| Dimensiones |
; 23 cm |
| 336 ## - TIPO DE CONTENIDO |
| Fuente |
rdacontent |
| Término de tipo de contenido |
texto |
| Código de tipo de contenido |
txt |
| 337 ## - TIPO DE MEDIO |
| Fuente |
rdamedia |
| Nombre del tipo de medio |
sin mediación |
| Código del tipo de medio |
n |
| 338 ## - TIPO DE SOPORTE |
| Fuente |
rdacarrier |
| Nombre del tipo de soporte |
volumen |
| Código Tipo de soporte |
nc |
| 501 ## - NOTA DE “CON” |
| Nota de Contenido |
Incluye índices (p. 191-197) |
| 504 ## - NOTA DE BIBLIOGRAFÍA, ETC. |
| Nota de bibliografía, etc |
Bibliografía (p. 175- 184) |
| 505 ## - NOTA DE CONTENIDO |
| Nota de contenido con formato preestablecido |
¿Cómo podemos comer bien? -- La práctica de comer --<br/> Bendiciendo la mesa -- Partición y hospitalidad -- Festejando entre la comunidad -- Preparando de alimentos -- El ayuno por la vida -- Honrando el cuerpo -- La práctica principal de la Cena del Señor -- La acción local y global |
| 563 ## - NOTA DE ENCUADERNACIÓN |
| Nota de encuadernación |
Rústico |
| 650 #0 - ASIENTO SECUNDARIO DE MATERIA - TERMINO TEMÁTICO |
| 9 (RLIN) |
411 |
| Término temático o nombre geográfico como elemento de entrada |
Hospitalidad |
| 942 ## - TIPO DE MATERIAL (KOHA) |
| Tipo de Item KOHA |
Libros General |
| 945 ## - INFORMACIÓN LOCAL DEL REGISTRO |
| Catalogador |
Elías Tolentino |